000
00278nam a2200097Ia 4500
082
_a
J 973.931 LALL
245
0
_a
September 11 2001 : terrorists attack the U.S.A
100
_a
Lalley, Pat Oxford, 2003
_9
94142
942
_c
BK
008
210817s9999 xx 000 0 und d
999
_c
397976
_d
397976